000
00245nam a2200109Ia 4500
008
190216s9999||||xx |||||||||||||| ||und||
100
_a
J K V
245
0
_a
"J K V Kathakal 1,2"
260
_b
Sahakarana Sangam
650
_a
Kathakal
942
_c
BK
999
_c
24974
_d
24974